000 00377nam a2200157Ia 4500
008 230917s9999||||xx |||||||||||||| ||und||
040 _e158278
_aMAIN
041 _aEnglish
082 _a346.022 K143S(12)
100 _aKapoor, S K
245 0 _aSamvida vidhi. 2
250 _a12th ed.
260 _aAllahabad
_bCentral Law Agency
_c2002
300 _a246 p.
942 _cBK
999 _c115404
_d115404